000 00619cam a22002174a 4500
020 _a0821364502
020 _a9780821364505
040 _cDLC
082 0 0 _a307 WOR 2006 A019 Or.
100 1 _aAlsop, Ruth.
245 1 0 _aEmpowerment in practice :
_bfrom analysis to implementation /
260 _aWashington, DC :
_bWorld Bank,
_cc2006.
300 _axiv, 371 p. :
_bill. ;
_c23 cm.
490 1 _aDirections in development
650 0 _aCommunity development.
650 0 _aSocial planning.
650 0 _aEconomic development
700 1 _aBertelsen, Mette Frost,
700 1 _aHolland, Jeremy,
942 _cEK
999 _c12234
_d12234